Statistics for Who made that song (Rapper Edition)

Click here to take the quiz!

General Stats

  • This quiz has been taken 69 times
  • The average score is 10 of 22

Answer Stats

SongRapper% Correct
HUMBLE.Kendrick Lamar
90%
Mask OffFuture
78%
Bad and BoujeeMigos
78%
Lose yourselfEminem
77%
PortlandDrake
68%
Tunnel VisionKodak Black
68%
Black BeetlesRae Sremmurd
53%
DrowningA Boogie Wit Da Hoodie
52%
Me, Myself & IG-Eazy
50%
One NightLil' Yachty
50%
Bounce BackBig Sean
47%
Pick up The PhoneTravis Scott
43%
DigitsYoung Thug
33%
No ProblemChance The Rapper
28%
NeighborsJ. Cole
28%
Right Above itLil' Wayne
27%
EverydayASAP Rocky
25%
BothGucci Mane
25%
THat PartSchoolboy Q
25%
WeekendMac Miller
8%
Black and YellowWiz Kahlifa
8%
SanctifiedRick Ross
7%

Score Distribution

Percentile by Number Answered

Percent of People with Each Score

Your Score History

You have not taken this quiz